Catálogo
 En Linea

Catálogo de libros dominicanos / (Registro nro. 54649)

Detalles MARC
000 -CABECERA
campo de control de longitud fija 01090nam a2200277 i 4500
003 - IDENTIFICADOR DEL NÚMERO DE CONTROL
campo de control DO-SdBNP
005 - FECHA Y HORA DE LA ÚLTIMA TRANSACCIÓN
campo de control 20230908085940.0
007 - CAMPO FIJO DE DESCRIPCIÓN FÍSICA--INFORMACIÓN GENERAL
campo de control de longitud fija ta
008 - DATOS DE LONGITUD FIJA--INFORMACIÓN GENERAL
campo de control de longitud fija 110525s1986 dr 001 spa d
040 ## - FUENTE DE LA CATALOGACIÓN
Centro catalogador/agencia de origen DO-SdBNP
Lengua de catalogación spa
Centro/agencia transcriptor BNPHU
Normas de descripción rda
082 ## - NÚMERO DE LA CLASIFICACIÓN DECIMAL DEWEY
Número de clasificación xxxxx
Número de documento/Ítem xxxxx
Número de edición xxx
100 ## - ENTRADA PRINCIPAL--NOMBRE DE PERSONA
Nombre de persona Camilo de Cuello, Lourdes
9 (RLIN) 13081
245 10 - MENCIÓN DE TÍTULO
Título Catálogo de libros dominicanos /
Mención de responsabilidad, etc. Lourdes Camilo de Cuello, Federico Alberto Cuello
264 #1 - PRODUCCIÓN, PUBLICACIÓN, DISTRIBUCIÓN, FABRICACIÓN Y COPYRIGHT
Producción, publicación, distribución, fabricación y copyright Santo Domingo :
Nombre del de productor, editor, distribuidor, fabricante Taller,
Fecha de producción, publicación, distribución, fabricación o copyright 1986.
300 ## - DESCRIPCIÓN FÍSICA
Extensión 100 páginas
Dimensiones 27 cm.
336 ## - TIPO DE CONTENIDO
Fuente rdacontent
Término de tipo de contenido texto
Código de tipo de contenido txt
337 ## - TIPO DE MEDIO
Fuente rdamedia
Nombre/término del tipo de medio sin mediación
Código del tipo de medio n
338 ## - TIPO DE SOPORTE
Fuente rdacarrier
Nombre/término del tipo de soporte volumen
Código del tipo de soporte nc
490 1# - MENCIÓN DE SERIE
Mención de serie Biblioteca Taller
Designación de volumen o secuencia 227
490 1# - MENCIÓN DE SERIE
Mención de serie Catalogo de libros dominicanos
Designación de volumen o secuencia 6
500 ## - NOTA GENERAL
Nota general colaboración: Academia Dominicana de la Historia, Fundación Rodríguez Demorizi, Obras de don Emilio Demorizi, Sociedad Dominicana de Geografía, Casa de Teatro, Universidad Nacional Pedro Henríquez Ureña, otros editores.
590 ## - NOTA LOCAL (RLIN)
Nota local Inventariado, 2023/ YL
700 1# - PUNTO DE ACCESO ADICIONAL--NOMBRE DE PERSONA
Nombre de persona Cuello, Federico Alberto
Término indicativo de función/relación autor
9 (RLIN) 84076
910 ## - DATOS DE OPCIÓN DEL USUARIO (OCLC)
Datos de opción del usuario YLockward
942 ## - ELEMENTOS DE PUNTO DE ACCESO ADICIONAL (KOHA)
Fuente del sistema de clasificación o colocación Dewey Decimal Classification
Tipo de ítem Koha Libro
Existencias
Estado de retiro Estado de pérdida Fuente del sistema de clasificación o colocación Restricciones de uso No para préstamo Código de colección Localización permanente Ubicación/localización actual Ubicación en estantería Fecha de adquisición Fuente de adquisición Total de préstamos Signatura topográfica completa Código de barras Fecha visto por última vez Precio válido a partir de Tipo de ítem Koha
    Dewey Decimal Classification Excluido de préstamo   Patrimonio Dominicano Biblioteca Nacional Pedro Henríquez Ureña Biblioteca Nacional Pedro Henríquez Ureña En catalogación 02.09.2013 Intec   xxxxx xxxxx 2023-5690 08.09.2023 08.09.2023 Libro

Con tecnología Koha